[Event "Parana-ch (Women)"]
[Site "Pirai do Sul"]
[Date "2017.01.30"]
[Round "6"]
[White "Buiar, Maria Eduarda Beral"]
[Black "Lobo Nascimento, Ana Julia"]
[Result "1-0"]
[WhiteElo "1800"]
[BlackElo "1800"]
[PlyCount "21"]
[EventDate "2017.01.28"]
[EventType "swiss"]
[EventRounds "6"]
[EventCountry "BRA"]
[SourceTitle "CBM 176 Extra"]
[Source "ChessBase"]
[SourceDate "2017.03.02"]
[SourceVersion "1"]
[SourceVersionDate "2017.03.02"]
[SourceQuality "1"]

1. e4 e5 2. Nf3 Bd6 3. Bc4 Nf6 4. Nc3 Bc5 5. Nxe5 Bd6 6. Bxf7+ Kf8 7. Nd5 Nc6 8. Nxf6 Qxf6 9. 0-0 Qxf7 10. Nxf7 Ke8 11. Qh5 1-0